<?xml version="1.0" encoding="UTF-8"?>
<record
    xmlns:xsi="http://www.w3.org/2001/XMLSchema-instance"
    xsi:schemaLocation="http://www.loc.gov/MARC21/slim http://www.loc.gov/standards/marcxml/schema/MARC21slim.xsd"
    xmlns="http://www.loc.gov/MARC21/slim">

  <leader>01813agaaa2200325   4500</leader>
  <controlfield tag="001">6462</controlfield>
  <controlfield tag="003">IT-RoPAU</controlfield>
  <controlfield tag="005">20220918181250.0</controlfield>
  <controlfield tag="007">d cvaizq</controlfield>
  <controlfield tag="008">50131s9999||||xx ||| |     ||   ||und||</controlfield>
  <datafield tag="040" ind1=" " ind2=" ">
    <subfield code="a">IT-RoPAU</subfield>
    <subfield code="c">IT-RoPAU</subfield>
  </datafield>
  <datafield tag="041" ind1=" " ind2=" ">
    <subfield code="a">ITALIANO</subfield>
  </datafield>
  <datafield tag="100" ind1=" " ind2=" ">
    <subfield code="a">Zemeckis Robert</subfield>
    <subfield code="g">Codice regista SPICS: 26355</subfield>
    <subfield code="9">48754</subfield>
  </datafield>
  <datafield tag="130" ind1=" " ind2=" ">
    <subfield code="a">CHI HA INCASTRATO ROGER RABBIT</subfield>
    <subfield code="9">48755</subfield>
  </datafield>
  <datafield tag="240" ind1=" " ind2=" ">
    <subfield code="a">WHO FRAMED ROGER RABBIT</subfield>
    <subfield code="g">T0855</subfield>
  </datafield>
  <datafield tag="245" ind1=" " ind2=" ">
    <subfield code="a">CHI HA INCASTRATO ROGER RABBIT</subfield>
    <subfield code="c">Sceneggiatura: Price Jeffrey Seaman Peter S. -- Diretto da: Zemeckis Robert</subfield>
    <subfield code="p">CHI HA INCASTRATO ROGER RABBIT (Rif. Codice opera principale : 76462)</subfield>
  </datafield>
  <datafield tag="246" ind1=" " ind2=" ">
    <subfield code="a">WHO FRAMED ROGER RABBIT</subfield>
  </datafield>
  <datafield tag="250" ind1=" " ind2=" ">
    <subfield code="a">Edizione Standard</subfield>
  </datafield>
  <datafield tag="260" ind1=" " ind2=" ">
    <subfield code="a">(USA)</subfield>
    <subfield code="b">TOUCHSTONE PICTURES / </subfield>
    <subfield code="g">"1988 (1&#xB0; ed.: 1989 ; Ed. Lingua Orig.: 1988)"</subfield>
  </datafield>
  <datafield tag="300" ind1=" " ind2=" ">
    <subfield code="a">VHS</subfield>
    <subfield code="b">sonoro, col.</subfield>
    <subfield code="c">110 minuti</subfield>
  </datafield>
  <datafield tag="508" ind1=" " ind2=" ">
    <subfield code="a">"Fotografia: Cundey Dean; Montaggio: Schmidt Arthur; Musica: Silvestri Alan; Sceneggiatura: Price Jeffrey Seaman Peter S.; Scenografia: Elliot-Scott R.-Cain; "</subfield>
  </datafield>
  <datafield tag="511" ind1=" " ind2=" ">
    <subfield code="a">"Hoskins Bob; Lloyd Christopher; Williams Richard"</subfield>
  </datafield>
  <datafield tag="520" ind1=" " ind2=" ">
    <subfield code="a">COSTUMI-DI-JOANNA-JOHNSTON EFFETTI-SPECIALI-DI-KEN-RALSTON EFFETTI-MECCANICI-DI-GEORGE-GIBBSNEGLI ANNI QUARANTA UN DETECTIVE SCALCINATO CERCA DI SCAGIONARE IL SUO CLIENTE DALL'ACCUSA DI AVER UCCISO UN CORTEGGIATORE DELLA MOGLIE QUI PERO' IL CLIENTE E' UN PERSONAGGIO DEI CARTONI ANIMATI CHE ASSOMIGLIA A BUGS BANNY ELE INDAGINI SI SVOLGONO A CARTONIA DOVE VIVONO CARTONI BUONI E CATTIVI COMPRESO PAPERINO</subfield>
  </datafield>
  <datafield tag="538" ind1=" " ind2=" ">
    <subfield code="a">PAL, STEREO</subfield>
  </datafield>
  <datafield tag="546" ind1=" " ind2=" ">
    <subfield code="a">ITALIANO</subfield>
  </datafield>
  <datafield tag="650" ind1=" " ind2=" ">
    <subfield code="a">FICTION ANIMAZ.</subfield>
    <subfield code="e">FILMS [VHS]</subfield>
    <subfield code="x">Codice MATERIA SPICS: 9960</subfield>
    <subfield code="9">48756</subfield>
  </datafield>
  <datafield tag="700" ind1=" " ind2=" ">
    <subfield code="a">Silvestri Alan</subfield>
    <subfield code="e">(musica)</subfield>
    <subfield code="g">Codice Musica SPICS: 26366</subfield>
    <subfield code="9">48757</subfield>
  </datafield>
  <datafield tag="700" ind1=" " ind2=" ">
    <subfield code="a">Zemeckis Robert </subfield>
    <subfield code="e">(regista)</subfield>
    <subfield code="g">Codice regista SPICS: 26355</subfield>
    <subfield code="9">48758</subfield>
  </datafield>
  <datafield tag="942" ind1=" " ind2=" ">
    <subfield code="c">VH</subfield>
    <subfield code="2">ddc</subfield>
  </datafield>
  <datafield tag="999" ind1=" " ind2=" ">
    <subfield code="c">106789</subfield>
    <subfield code="d">106789</subfield>
  </datafield>
  <datafield tag="952" ind1=" " ind2=" ">
    <subfield code="0">0</subfield>
    <subfield code="1">0</subfield>
    <subfield code="4">0</subfield>
    <subfield code="6">76462_000000000000000</subfield>
    <subfield code="7">1</subfield>
    <subfield code="a">SPICS</subfield>
    <subfield code="b">SPICS</subfield>
    <subfield code="d">2015-01-31</subfield>
    <subfield code="l">0</subfield>
    <subfield code="o">76462</subfield>
    <subfield code="r">2015-01-31 00:00:00</subfield>
    <subfield code="w">2015-01-31</subfield>
    <subfield code="y">VH</subfield>
    <subfield code="z">Progr. Ins.: 2516 / N.Vol.:1 / Copie: 1 / Pag.:0 / Copia rara: n.d. / date import: 1.2.2015 / By Epidotti, Trombetti, Vaglietti</subfield>
  </datafield>
</record>
